Footballeurs à partir de leurs cartes FIFA #2 - Statistiques

Statistiques générales
  • Ce quiz a été pris 261 fois
  • Le résultat moyen est 7 sur 20
Statistiques - réponses
Par images Réponse % Correct
Luka Modric
71%
Toni Kroos
71%
Mike Maignan
56%
Vinicius Jr
56%
Erling Haaland
53%
Jordi Alba
38%
Marquinhos
38%
Riyad Mahrez
35%
Marco Verratti
33%
Thomas Müller
33%
Paulo Dybala
31%
Pedri
23%
Angel Di Maria
22%
Milan Skriniar
20%
Jesus Navas
18%
Rafael Leao
18%
Eden Hazard
15%
Marcus Rashford
15%
Alexandre Lacazette
10%
Dimitri Payet
8%
Aucun quiz correspondant
Distribution des résultats
% des personnes avec chaque résultat
Percentile par nombre de réponses
Votre historique - résultats
Vous n’avez pas pris ce quiz